000 02338nam a22003857a 4500
001 103503
003 KnowledgeUnlatched
005 20210303105049.0
006 m o d
007 cr u||||||||||
008 210129p20182019xx o u00| u ger d
037 _5BiblioBoard
245 0 4 _aDer Arkadenhof der Universität Wien und die Tradition der Gelehrtenmemoria in Europa
_bWiener Jahrbuch für Kunstgeschichte, Band LXIII/LXIV /
_cAndrea Mayr, Ingeborg Schemper-Sparholz, Martin Engel, Julia Rüdiger.
020 _a9783205205999
029 1 _ahttps://library.biblioboard.com/ext/api/media/ccf67716-17bf-4812-bea6-5304cb42cf57/assets/thumbnail.jpg
040 _aScCtBLL
_cScCtBLL
100 1 _aMayr, Andrea
_eauthor.
506 0 _aAccess copy available to the general public.
_fUnrestricted
_2star
700 1 _aSchemper-Sparholz, Ingeborg
_eauthor.
700 1 _aEngel, Martin
_eauthor.
700 1 _aRüdiger, Julia
_eauthor.
264 1 _bBöhlau,
300 _a1 online resource (428 p.)
520 _a"Originating from the monumental ensemble of the arcade court of Vienna University, this thematic issue is dedicated to the traditon of academic memorials in a european-wide comparison. The first part of the volume focusses on the monuments of the Vienna University in context of development history and changing cultural and political framework conditions. The second part shows the european perspektive and focusses on the ancient and early modern era origins of the hall of honour, and the the different manifestation in chosen european countries until today. The issue contributes with its diverse methodical articles in a significant way to a discursive discussion on traditon and currency of academic memorials."
588 0 _aDescription based on print version record.
590 _aKU Open Services
650 7 _aArt / History
_2bisacsh
650 0 _aArts
655 0 _aElectronic books.
758 _iIs found in:
_aKnowledge Unlatched
_1https://openresearchlibrary.org/module/2774bc74-146a-484f-a7ba-ab1d6a09bbfb
856 4 0 _uhttps://openresearchlibrary.org/content/ccf67716-17bf-4812-bea6-5304cb42cf57
_zView this content on Open Research Library.
_70
999 _c33461
_d33461